000 00846cam a2200253 a 4500
001 000004680
005 20200929151459.0
008 720627s1985 cl 000 f spa d
040 _aDO-SdBNP
_cODaWU
_dOCoLC
_dCoP
_dDLC
041 1 7 _aspa
_hfre
_2Código de idioma MARC
082 _a843.914
_bC211p
100 1 _aCamus, Albert,
_d1913-1960
_94231
245 1 3 _aLa peste /
_cAlbert Camus ; traducción de Rosa Chacel.
260 _aSantiago de Chile :
_bErcilla,
_c1985.
300 _a192 p. ;
_c18 cm.
440 0 _aBiblioteca Ercilla. Los mejores libros de la literatura universal :
_v24
_98200
534 _aTítulo original:
_tLa Peste
650 4 _aNovela francesa
_91075
650 4 _aLiteratura francesa
_ySIGLO XX
_94232
700 1 _aChacel, Rosa,
_etr.
_913632
910 _aCatalogación por copia / LC
910 _aWM
049 _aBNGR
999 _c4486
_d4486